Del buho a los gorriones. Ensayos sobre la post-modernidad

Guardado en:
Bibliografiske detaljer
Hovedforfatter: Jiménez, Alexander (compilador)
Format: Bog
Sprog:Undetermined
Udgivet: San José, Costa Rica Guayacán 1993
Fag:
Tags: Tilføj Tag
Ingen Tags, Vær først til at tagge denne postø!

MARC

LEADER 00000nam a2200000Ia 4500
008 170316s9999 xx 000 0 und d
090 |a 100 J-9d 
100 |a Jiménez, Alexander (compilador) 
245 |a Del buho a los gorriones. Ensayos sobre la post-modernidad 
260 |a San José, Costa Rica 
260 |b Guayacán 
260 |c 1993 
300 |a 80 páginas 
650 |a FILOSOFÍA 
650 |a FILOSOFÍA COSTARRICENSE 
650 |a FILOSOFÍA MODERNA 
999 |c 16622  |d 16622 
040 |a cru BVZT 
942 |c 15 D  |h 100 J-9d  |2 z